000 00306nam a22001337a 4500
008 171101b xxu||||| |||| 00| 0 eng d
020 _a9789995680800
041 _aALB
080 _a339.9
100 _a59
101 _aGLO
245 _aEVROPA EKONOMIKE DHE E ARDHMJA E SAJ
_cSOIN,R
942 _2udc
_cBK
999 _c37123
_d37123